Paranoid Android-Radiohead(Lyrics) - Statistics

General Stats
  • This quiz has been taken 756 times
  • The average score is 158 of 207
Answer Stats
% Correct
a
98%
(I
98%
I
98%
the
96%
The
96%
you
96%
You
96%
no
93%
he
92%
my
90%
an
89%
and
87%
I'm
87%
to
87%
be
86%
From
86%
head.
86%
head,
86%
in
86%
some
86%
What's
86%
all
85%
all.
85%
am
85%
get
85%
stop
84%
paranoid,
83%
rest.
83%
trying
83%
android)
82%
voices
82%
noise?
81%
Please
80%
remember,
80%
remember.
80%
remember
80%
will
80%
of
79%
When
79%
don't
78%
your
78%
could
77%
name?
77%
down,
76%
down.
76%
down
76%
king
76%
Rain
76%
rain
76%
against
75%
chicken
75%
not
75%
on
75%
wall.
75%
but
74%
his
74%
great
73%
is
73%
consequence
72%
at
71%
little
71%
piggy.
71%
unborn
71%
Why
71%
With
71%
with
71%
children.
70%
Come
70%
may
70%
height.
69%
Height.
69%
loves
69%
opinion
69%
ugly.
69%
God
68%
me.
68%
pretty
68%
which
68%
look
67%
first
66%
makes
66%
Gucci
62%
guess
61%
does.
58%
vomit.
58%
Kicking
57%
it
56%
Off
56%
screaming.
56%
there?
56%
Ambition
53%
man.
53%
panic,
49%
You're
49%
leaving.
48%
pigskin.
48%
That's
48%
crackle
46%
squealing
44%
networking.
40%
sir.
39%
yuppies
36%
dust
32%
No matching quizzes found
Score Distribution
Percent of People with Each Score
Percentile by Number Answered
Your Score History
You have not taken this quiz